00374nam a22001457a 450000500170000000800410001702000210005804100080007908200170008710000200010424500690012426000120019330000080020565000150021320180615161109.0160527b xxu||||| |||| 00| 0 eng d a978-817194-593-1 aeng b5572a657.42 akishor, Ravi, M aProblems & Solutions of Cost Accounting and Financial Management bTaxmann a586 aManagement